| 000 | 01068cam a22003254a 4500 | ||
|---|---|---|---|
| 001 | 29158 | ||
| 003 | EG-ScBUE | ||
| 005 | 20220227114731.0 | ||
| 008 | 910703s1989 ua f 000 1 eng d | ||
| 040 |
_aDLC _beng _erda _cDLC _dEG-ScBUE |
||
| 041 | 1 |
_aeng _hara |
|
| 082 | 0 | 4 |
_222 _a892.736 _bKAS |
| 100 | 1 |
_aQasim, Abd al-Hakim, _eauthor. _910947 |
|
| 245 | 1 | 4 |
_aThe seven days of man / _cAbdel-Hakim Kassem ; translated by Joseph Norment Bell. |
| 264 | 1 |
_a[Cairo] : _bGeneral Egyptian Book Organization, _c1989. |
|
| 300 |
_a338 pages ; _c20 cm. |
||
| 336 |
_2rdacontent _atext _btxt |
||
| 337 |
_2rdamedia _aunmediated _bn |
||
| 338 |
_2rdacarrier _avolume _bnc |
||
| 490 |
_aContemporary Arabic literature ; _v21 |
||
| 650 | 7 |
_aVillages _vFiction. _2BUEsh |
|
| 650 | 7 |
_aSufism _vFiction. _2BUEsh _939103 |
|
| 651 | 7 |
_aEgypt _vFiction. _2BUEsh |
|
| 653 |
_bHHUUEENN _cFebruary2022 |
||
| 655 |
_vReading book _934232 |
||
| 700 | 1 |
_910948 _aBell, Joseph Norment, _etranslator. |
|
| 942 |
_2ddc _cBB |
||
| 999 |
_c13276 _d13276 |
||